Estadísticas para Goya al Mejor Director

Haz click aquí para intentar la prueba.

Estadísticas generales

  • Esta prueba ha sido intentada 140 veces
    (94 desde el último reinicio)
  • La puntuación promedio es 13 de 28

Estadísticas de respuestas

Director% Correcto
Pedro Almodóvar
100%
Alejandro Amenábar
92%
Isabel Coixet
83%
Fernando Trueba
75%
David Trueba
73%
Fernando León de Aranoa
71%
Álex de la Iglesia
68%
Juan Antonio Bayona
67%
Fernando Fernán Gómez
65%
Rodrigo Sorogoyen
59%
Icíar Bollaín
49%
Carlos Saura
46%
José Luis Garci
46%
Javier Fesser
41%
Vicente Aranda
41%
Pilar Miró
38%
Luis García Berlanga
37%
Gonzalo Suárez
33%
Imanol Uribe
32%
Daniel Monzón
30%
Alberto Rodríguez
29%
Cesc Gay
27%
Ricardo Franco
24%
Enrique Urbizu
17%
Agustí Villaronga
13%
Jaime Rosales
10%
José Luis Borau
6%
Salvador Calvo
3%

Distribución de puntuación

Porcentaje por número respondido

Porcentaje de gente con cada puntuación

Historial de tus puntuaciones

No has intentado esta prueba desde el último reinicio